Parts of The Respiratory System - Statistics

General Stats
  • This quiz has been taken 216 times
  • The average score is 7 of 11
Answer Stats
Answer % Correct
lungs
89%
trachea
82%
bronchi
78%
larynx
73%
Nose
72%
mouth
71%
pharynx
70%
alveoli
66%
bronchioles
60%
nasal cavity
37%
sinuses
7%
No matching quizzes found
Score Distribution
Percent of People with Each Score
Percentile by Number Answered
Your Score History
You have not taken this quiz